Datum a čas kvízu
34.5
Celkem bodů
Celkový počet nahraných bodů na tomto kvízu bez doplňovacích otázek.
1.
Pořadí na kvízu
Konečné umístění týmu na tomto kvízu.
Zaznamenané odpovědi
| # | Otázka | Odpověď | Body | Výsledky |
|---|---|---|---|---|
| 1. | Minulý týden byla představena... | Lidl | 1 | |
| 2. | Prezidenti Sadyr Žaparov a Imo... | Kyrgyzstán, Tádžikistán | 1 | |
| 3. | Ve středu vystoupil v pražské... | Lenny Kravitz | 0 | |
| 4. | Dozorčí rada Moravskoslezských... | Hrušovany | 0 | |
| 5. | Jak se jmenuje italský gólman,... | Gianluigi Donnarumma | 1 | |
| 6. | V příštích pěti otázkách vždy... | C | 1 | |
| 7. | Který prezident USA mohl v obd... | Lyndon B. Johnson | 0 | |
| 8. | Co nemohl během svého působení... | B | 1 | |
| 9. | Ze kterého města pocházel tým,... | Zlín | 0 | |
| 10. | O které z těchto událostí se z... | B | 1 |